[Event "Portuguese Honra"]
[Site "Lisbon"]
[Date "2022.12.20"]
[Round "7"]
[White "Godinho, Marques Pedro"]
[Black "Silva, Lourenco Santa Clar"]
[Result "1-0"]
[WhiteElo "1810"]
[BlackElo "1693"]
[PlyCount "71"]
[EventDate "2022.12.16"]
[EventType "tourn"]
[EventRounds "9"]
[EventCountry "POR"]
[SourceTitle "CBM 211 Extra"]
[Source "ChessBase"]
[SourceDate "2023.01.31"]
[SourceVersion "1"]
[SourceVersionDate "2023.01.31"]
[SourceQuality "1"]

1. f4 d5 2. e3 Nf6 3. b3 g6 4. Bb2 Bg7 5. Be2 c5 6. Nf3 0-0 7. 0-0 Nc6 8. Bb5 Bd7 9. a4 a6 10. Be2 Qc7 11. Ne5 Ne4 12. Nxc6 Qxc6 13. Bxg7 Kxg7 14. d3 Nd6 15. g4 f5 16. h3 Qc7 17. Bf3 e6 18. Qe1 Rac8 19. Qc3+ Kg8 20. Nd2 c4 21. dxc4 dxc4 22. Qe5 Rfe8 23. gxf5 Nxf5 24. Ne4 Rf8 25. Nf6+ Kf7 26. Rad1 Rfd8 27. Nxh7 Qxe5 28. fxe5 Nxe3 29. Bxb7+ Nxf1 30. Bxc8 Ke7 31. Rxd7+ Rxd7 32. Bxd7 Ne3 33. Bc8 Nxc2 34. bxc4 a5 35. Kf2 Nb4 36. Ke3 1-0

[Event "Portuguese Honra"]
[Site "Lisbon"]
[Date "2022.12.20"]
[Round "6"]
[White "Santos, Isabel Pereira Dos"]
[Black "Godinho, Marques Pedro"]
[Result "0-1"]
[WhiteElo "1735"]
[BlackElo "1810"]
[PlyCount "58"]
[EventDate "2022.12.16"]
[EventType "tourn"]
[EventRounds "9"]
[EventCountry "POR"]
[SourceTitle "CBM 211 Extra"]
[Source "ChessBase"]
[SourceDate "2023.01.31"]
[SourceVersion "1"]
[SourceVersionDate "2023.01.31"]
[SourceQuality "1"]

1. d4 f5 2. c4 e6 3. Nc3 Bb4 4. Bd2 Nf6 5. Nf3 b6 6. e3 Bb7 7. Be2 0-0 8. 0-0 d6 9. Qb3 Bxc3 10. Bxc3 Ne4 11. Rac1 Nd7 12. Qc2 Ng5 13. Nd2 Nh3+ 14. Kh1 Qh4 15. f3 Ng5 16. Bd3 Rf6 17. g3 Qh3 18. Rf2 Rh6 19. Bf1 Qh5 20. Re1 Nf6 21. Kg1 Rf8 22. e4 fxe4 23. fxe4 Ng4 24. Rxf8+ Kxf8 25. h4 Rf6 26. d5 Rf2 27. Qd3 Rh2 28. Nf3 Nf2 29. Bxg7+ Kg8 0-1

[Event "POR-ch Amateur U2000"]
[Site "Braga"]
[Date "2018.09.09"]
[Round "5"]
[White "Godinho, Marques Pedro"]
[Black "Santos, Jose Miguel Sereno"]
[Result "1-0"]
[WhiteElo "1853"]
[BlackElo "1706"]
[PlyCount "93"]
[EventDate "2018.09.06"]
[EventType "swiss"]
[EventRounds "5"]
[EventCountry "POR"]
[SourceTitle "EXT 2024"]
[Source "ChessBase"]
[SourceDate "2023.10.10"]
[SourceVersion "1"]
[SourceVersionDate "2023.10.10"]
[SourceQuality "1"]

1. d4 d5 2. Bf4 Bf5 3. e3 Nf6 4. c4 c6 5. Qb3 Qc8 6. Nc3 dxc4 7. Bxc4 e6 8. Rc1 Nbd7 9. Nf3 Be7 10. a4 b6 11. 0-0 Qb7 12. Nd2 0-0 13. e4 Bg6 14. Rfe1 Rac8 15. Nf3 a6 16. Bg5 b5 17. e5 Nd5 18. Bxd5 Bxg5 19. Bxc6 Qxc6 20. axb5 axb5 21. Nxg5 Bd3 22. h3 Bc4 23. Qd1 h6 24. Nge4 Qb6 25. Nd6 Rc6 26. b3 Bd5 27. Ndxb5 Rfc8 28. Nxd5 Rxc1 29. Nxb6 Rxd1 30. Rxd1 Nxb6 31. Nd6 Rb8 32. Rc1 Nd5 33. Rc8+ Rxc8 34. Nxc8 Kf8 35. Kf1 f6 36. g3 Ke8 37. Ke2 Kd7 38. Nd6 f5 39. Kd3 g5 40. Nf7 f4 41. Nxh6 Nb4+ 42. Ke4 fxg3 43. fxg3 Nc2 44. Nf7 Na1 45. b4 Nc2 46. b5 Na3 47. Nd6 1-0

[Event "Coimbra Queima das Fitas op"]
[Site "Coimbra"]
[Date "2017.04.30"]
[Round "4"]
[White "Godinho, Marques Pedro"]
[Black "Simoes, Miguel Patricio"]
[Result "1-0"]
[WhiteElo "1903"]
[BlackElo "1654"]
[PlyCount "73"]
[EventDate "2017.04.28"]
[EventType "swiss"]
[EventRounds "7"]
[EventCountry "POR"]
[SourceTitle "CBM 178 Extra"]
[Source "ChessBase"]
[SourceDate "2017.06.22"]
[SourceVersion "1"]
[SourceVersionDate "2017.06.22"]
[SourceQuality "1"]

1. d4 Nf6 2. Nf3 g6 3. Bf4 Bg7 4. e3 d5 5. h3 0-0 6. Bd3 Nbd7 7. 0-0 b6 8. Nbd2 Bb7 9. Re1 c5 10. c3 Rc8 11. Rc1 c4 12. Bc2 b5 13. e4 dxe4 14. Nxe4 Nxe4 15. Bxe4 Bxe4 16. Rxe4 Nf6 17. Re2 Nd5 18. Qd2 Nxf4 19. Qxf4 Qc7 20. Qe4 e6 21. Ne5 Bxe5 22. Qxe5 Rfd8 23. Qxb5 Rd5 24. Qa4 Ra5 25. Qd1 Rxa2 26. Ra1 Rxa1 27. Qxa1 Rd8 28. Re5 Rd5 29. Qe1 Qb7 30. Rxd5 Qxd5 31. Qe5 Qxe5 32. dxe5 f6 33. f4 g5 34. fxg5 fxg5 35. Kf2 Kf7 36. Ke3 Kg6 37. g4 1-0

[Event "POR-ch Seniors 50+"]
[Site "Luso"]
[Date "2016.07.22"]
[Round "3"]
[White "Godinho, Marques Pedro"]
[Black "Ascenso, Luis Manuel Pereira"]
[Result "1-0"]
[WhiteElo "1840"]
[BlackElo "1785"]
[PlyCount "39"]
[EventDate "2016.07.21"]
[EventType "swiss"]
[EventRounds "5"]
[EventCountry "POR"]
[SourceTitle "EXT 2018"]
[Source "ChessBase"]
[SourceDate "2017.10.13"]
[SourceVersion "1"]
[SourceVersionDate "2017.10.13"]
[SourceQuality "1"]

1. c4 e6 2. Nc3 c6 3. d4 d5 4. cxd5 cxd5 5. Nf3 Nc6 6. Bf4 Nf6 7. e3 a6 8. Bd3 Be7 9. h3 0-0 10. 0-0 h6 11. Rc1 Nh5 12. Bh2 f5 13. Ne5 Qe8 14. Na4 f4 15. Bg6 Qd8 16. Qxh5 Nxe5 17. dxe5 fxe3 18. fxe3 Qa5 19. Rxf8+ Bxf8 20. Qf3 1-0

[Event "Coimbra Queima das Fitas op"]
[Site "Coimbra"]
[Date "2016.04.25"]
[Round "7"]
[White "Saraiva, Rafael Morais"]
[Black "Godinho, Marques Pedro"]
[Result "1/2-1/2"]
[WhiteElo "1720"]
[BlackElo "1833"]
[PlyCount "25"]
[EventDate "2016.04.22"]
[EventType "swiss"]
[EventRounds "7"]
[EventCountry "POR"]
[SourceTitle "EXT 2018"]
[Source "ChessBase"]
[SourceDate "2017.10.13"]
[SourceVersion "1"]
[SourceVersionDate "2017.10.13"]
[SourceQuality "1"]

1. Nf3 c5 2. g3 d5 3. d4 e6 4. Bg2 Nc6 5. 0-0 Nf6 6. c3 Be7 7. Nbd2 0-0 8. Re1 Qb6 9. Nb3 cxd4 10. Nfxd4 Nxd4 11. Qxd4 Qxd4 12. Nxd4 Bd7 13. Bg5 1/2-1/2

[Event "POR-ch prel"]
[Site "Lisbon"]
[Date "2015.03.12"]
[Round "7"]
[White "Godinho, Marques Pedro"]
[Black "Diogo, Vasco Andre Marcalo"]
[Result "0-1"]
[WhiteElo "1877"]
[BlackElo "2270"]
[PlyCount "76"]
[EventDate "2015.03.08"]
[EventType "swiss"]
[EventRounds "9"]
[EventCountry "POR"]
[SourceTitle "EXT 2018"]
[Source "ChessBase"]
[SourceDate "2017.10.13"]
[SourceVersion "1"]
[SourceVersionDate "2017.10.13"]
[SourceQuality "1"]

1. d4 Nf6 2. c4 g6 3. Nc3 Bg7 4. e4 d6 5. f3 0-0 6. Bg5 h6 7. Be3 e5 8. d5 c6 9. Qd2 cxd5 10. cxd5 Kh7 11. Rc1 a6 12. Bd3 b5 13. a3 Nbd7 14. Nge2 Nb6 15. 0-0 Bd7 16. Rc2 Ne8 17. Rfc1 f5 18. b3 f4 19. Bf2 g5 20. Kh1 g4 21. Ng1 h5 22. Be2 Bh6 23. Qe1 Bg5 24. Qf1 Nc8 25. Na2 g3 26. Be1 gxh2 27. Nh3 Bh4 28. Nb4 Bxe1 29. Qxe1 Rg8 30. Kxh2 Rg3 31. Nc6 Qh4 32. Qf1 Nf6 33. Nd8 Ne7 34. Ne6 Rag8 35. Bd1 Kh6 36. Rf2 Nexd5 37. exd5 Nxd5 38. Nd8 Rxd8 0-1

[Event "POR-ch prel"]
[Site "Lisbon"]
[Date "2015.03.10"]
[Round "4"]
[White "Alves, Fernando Pereira"]
[Black "Godinho, Marques Pedro"]
[Result "0-1"]
[WhiteElo "1724"]
[BlackElo "1877"]
[PlyCount "92"]
[EventDate "2015.03.08"]
[EventType "swiss"]
[EventRounds "9"]
[EventCountry "POR"]
[SourceTitle "EXT 2018"]
[Source "ChessBase"]
[SourceDate "2017.10.13"]
[SourceVersion "1"]
[SourceVersionDate "2017.10.13"]
[SourceQuality "1"]

1. e4 c5 2. Nf3 a6 3. d4 cxd4 4. Nxd4 Nf6 5. e5 Qa5+ 6. Nc3 Qxe5+ 7. Be2 Nc6 8. Nf3 Qc7 9. Bg5 e6 10. 0-0 Be7 11. Re1 0-0 12. Bh4 d5 13. Bf1 b5 14. a3 Bb7 15. Bd3 Rfd8 16. Qe2 b4 17. Nd1 Qb6 18. c3 a5 19. axb4 axb4 20. Ne3 g6 21. Bxf6 Bxf6 22. Ng4 Bg7 23. Ng5 Rxa1 24. Rxa1 Ne7 25. h4 h5 26. Nh2 e5 27. g4 hxg4 28. Nxg4 e4 29. Rc1 Nf5 30. Re1 Nxh4 31. Bb1 f6 32. Nxe4 dxe4 33. Bxe4 Bxe4 34. Qxe4 Qd6 35. Qc4+ Qd5 36. Nh6+ Bxh6 37. Qxh4 Qg5+ 38. Qxg5 Bxg5 39. c4 b3 40. Re6 Rd2 41. Rb6 Rxb2 42. Rb5 Bh4 43. f3 Bf2+ 44. Kf1 Bd4 45. c5 Rf2+ 46. Ke1 b2 0-1

[Event "Gibraltar Challengers-B 13th"]
[Site "Caleta"]
[Date "2015.02.04"]
[Round "5"]
[White "Christophe Hayot, Romain"]
[Black "Godinho, Marques Pedro"]
[Result "1-0"]
[WhiteElo "1793"]
[BlackElo "1950"]
[PlyCount "54"]
[EventDate "2015.01.31"]
[EventType "swiss"]
[EventRounds "5"]
[EventCountry "GGB"]
[SourceTitle "CBM 164 Extra"]
[Source "ChessBase"]
[SourceDate "2015.03.02"]
[SourceVersion "1"]
[SourceVersionDate "2015.03.02"]
[SourceQuality "1"]

1. Nf3 c5 2. g3 d5 3. Bg2 Nc6 4. 0-0 Nf6 5. Re1 e5 6. d3 Be7 7. e4 dxe4 8. Ng5 Bg4 9. Qd2 exd3 10. Bxc6+ bxc6 11. Rxe5 dxc2 12. Qxc2 h6 13. Ne4 0-0 14. Nxf6+ Bxf6 15. Rxc5 Re8 16. Nc3 Re1+ 17. Kg2 Qd7 18. h4 Bh3+ 19. Kh2 Bf1 20. Qf5 Qe7 21. Rxc6 Bxc3 22. bxc3 g6 23. Rc8+ Rxc8 24. Qxc8+ Kg7 25. Bxh6+ Kh7 26. Rxe1 Qxe1 27. Be3 f6 1-0

[Event "Gibraltar Challengers-B 13th"]
[Site "Caleta"]
[Date "2015.02.03"]
[Round "4"]
[White "Godinho, Marques Pedro"]
[Black "Musi, Dietmar"]
[Result "1/2-1/2"]
[WhiteElo "1950"]
[BlackElo "1719"]
[PlyCount "85"]
[EventDate "2015.01.31"]
[EventType "swiss"]
[EventRounds "5"]
[EventCountry "GGB"]
[SourceTitle "CBM 164 Extra"]
[Source "ChessBase"]
[SourceDate "2015.03.02"]
[SourceVersion "1"]
[SourceVersionDate "2015.03.02"]
[SourceQuality "1"]

1. c4 e5 2. Nc3 Nf6 3. g3 Bb4 4. Bg2 c6 5. a3 Ba5 6. b4 Bc7 7. Bb2 d5 8. cxd5 Nxd5 9. Nf3 Nxc3 10. Bxc3 Qe7 11. d3 0-0 12. 0-0 a5 13. bxa5 Re8 14. Qb3 Nd7 15. Bb4 Qd8 16. h4 h6 17. Nd2 Bxa5 18. Nc4 Bc7 19. a4 Nf6 20. Bc5 Nd5 21. Rfb1 Ba5 22. Nd6 b6 23. Ba3 Be6 24. Nxe8 Nc3 25. Qc2 Nxb1 26. Rxb1 Qxe8 27. Qxc6 Qxc6 28. Bxc6 Rc8 29. Bb5 Rc2 30. e4 Bc3 31. Rc1 Rxc1+ 32. Bxc1 f6 33. Be3 Ba5 34. f4 Kf7 35. Kf2 Bb3 36. d4 exd4 37. Bxd4 Ke6 38. Ke2 Bc2 39. e5 fxe5 40. fxe5 Bb3 41. Ke3 Kd5 42. Be8 Bd2+ 43. Kxd2 1/2-1/2

[Event "Gibraltar Challengers-B 13th"]
[Site "Caleta"]
[Date "2015.02.02"]
[Round "3"]
[White "Haddock, Paul"]
[Black "Godinho, Marques Pedro"]
[Result "1/2-1/2"]
[WhiteElo "1639"]
[BlackElo "1950"]
[PlyCount "58"]
[EventDate "2015.01.31"]
[EventType "swiss"]
[EventRounds "5"]
[EventCountry "GGB"]
[SourceTitle "CBM 164 Extra"]
[Source "ChessBase"]
[SourceDate "2015.03.02"]
[SourceVersion "1"]
[SourceVersionDate "2015.03.02"]
[SourceQuality "1"]

1. e4 c5 2. d4 cxd4 3. c3 Nf6 4. e5 Nd5 5. cxd4 e6 6. Nc3 b6 7. Nxd5 exd5 8. Nf3 Na6 9. a3 Be7 10. Bd3 0-0 11. 0-0 Nc7 12. Qe2 d6 13. h3 Ne6 14. Be3 dxe5 15. Nxe5 Bd6 16. f4 Qh4 17. Qf3 Bb7 18. Kh2 Qe7 19. Qh5 g6 20. Qh4 f6 21. Nxg6 hxg6 22. Bxg6 Qg7 23. Qh5 Ng5 24. Kg1 Ne4 25. Bxe4 dxe4 26. f5 Qg3 27. Bf4 Bxf4 28. Rxf4 Qxf4 29. Qg6+ Kh8 1/2-1/2

[Event "Gibraltar Masters 13th"]
[Site "Caleta"]
[Date "2015.01.28"]
[Round "2"]
[White "Godinho, Marques Pedro"]
[Black "Hellwig, Tobias"]
[Result "1-0"]
[WhiteElo "1950"]
[BlackElo "2172"]
[PlyCount "78"]
[EventDate "2015.01.27"]
[EventType "swiss"]
[EventRounds "10"]
[EventCountry "GGB"]
[SourceTitle "CBM 165"]
[Source "ChessBase"]
[SourceDate "2015.03.11"]
[SourceVersion "1"]
[SourceVersionDate "2015.03.11"]
[SourceQuality "1"]

1. c4 Nf6 2. Nc3 c6 3. d4 d5 4. cxd5 cxd5 5. Bf4 g6 6. h3 a6 7. e3 Bg7 8. Bd3 0-0 9. Nf3 Nc6 10. 0-0 Bf5 11. Bxf5 gxf5 12. Qb3 Na5 13. Qb4 Rc8 14. Nd2 b5 15. a4 Nc6 16. Qb3 b4 17. Ne2 Qb6 18. Ng3 e6 19. Rfc1 Qb7 20. Qd1 Na5 21. Nh5 Nxh5 22. Qxh5 Nc4 23. Bh6 f6 24. Nxc4 dxc4 25. Bxg7 Kxg7 26. Qf3 Qxf3 27. gxf3 c3 28. bxc3 Rxc3 29. Rxc3 bxc3 30. Kf1 Rb8 31. Rc1 Rb3 32. Rc2 Kg6 33. Ke2 Ra3 34. Kd3 Rxa4 35. Rxc3 Ra2 36. Rc2 Rxc2 37. Kxc2 e5 38. d5 e4 39. Kc3 Kf7 1-0

[Event "Lisbon Christmas op"]
[Site "Lisbon"]
[Date "2014.12.27"]
[Round "3"]
[White "Godinho, Marques Pedro"]
[Black "Mendes, Modeste"]
[Result "1/2-1/2"]
[WhiteElo "1950"]
[BlackElo "1763"]
[PlyCount "113"]
[EventDate "2014.12.26"]
[EventType "swiss"]
[EventRounds "9"]
[EventCountry "POR"]
[SourceTitle "EXT 2018"]
[Source "ChessBase"]
[SourceDate "2017.10.13"]
[SourceVersion "1"]
[SourceVersionDate "2017.10.13"]
[SourceQuality "1"]

1. Nf3 d5 2. c4 Nf6 3. b3 Bf5 4. Bb2 Nbd7 5. e3 e6 6. Be2 Be7 7. 0-0 0-0 8. cxd5 Nxd5 9. d4 a5 10. Nbd2 N7f6 11. Ne5 a4 12. bxa4 Nb6 13. a5 Rxa5 14. Ndc4 Nxc4 15. Nxc4 Ra7 16. Bd3 Bg6 17. Bxg6 hxg6 18. Qb3 Qd5 19. a4 Rfa8 20. f3 b6 21. e4 Qd7 22. Ne5 Qd6 23. Rfc1 Qb4 24. Qxb4 Bxb4 25. Nc6 Bd2 26. Nxa7 Bxc1 27. Rxc1 Rxa7 28. Rc4 Kf8 29. Kf2 Ke7 30. Ba3+ Kd7 31. Bf8 Ne8 32. h4 c6 33. Rb4 Kc7 34. g4 f6 35. f4 Ra5 36. e5 b5 37. axb5 cxb5 38. Rb3 Kb6 39. h5 gxh5 40. gxh5 Ra4 41. Rd3 fxe5 42. fxe5 Kc6 43. Rc3+ Kd7 44. Ke3 Nc7 45. Rd3 Nd5+ 46. Kf3 b4 47. Bxg7 Ra3 48. Ke4 Rxd3 49. Kxd3 Nf4+ 50. Kc4 Nxh5 51. Bh6 Kc6 52. Kxb4 Kd5 53. Kc3 Ng3 54. Be3 Nf5 55. Bf2 Nh6 56. Kd3 Ng4 57. Bg1 1/2-1/2

[Event "Lisbon Honra-B"]
[Site "Lisbon"]
[Date "2014.06.08"]
[Round "2"]
[White "Belo, Miguel Angelo Petin"]
[Black "Godinho, Marques Pedro"]
[Result "0-1"]
[WhiteElo "1856"]
[BlackElo "1852"]
[PlyCount "110"]
[EventDate "2014.06.08"]
[EventType "tourn"]
[EventRounds "9"]
[EventCountry "POR"]
[SourceTitle "EXT 2015"]
[Source "ChessBase"]
[SourceDate "2014.11.20"]
[SourceVersion "1"]
[SourceVersionDate "2014.11.20"]
[SourceQuality "1"]

1. b3 d6 2. Bb2 Nd7 3. e3 Ngf6 4. f4 g6 5. Nf3 Bg7 6. c4 0-0 7. g3 Nc5 8. b4 Ncd7 9. Bg2 c6 10. 0-0 Re8 11. Nc3 Nf8 12. Nh4 Bg4 13. Qc2 Qd7 14. Rf2 d5 15. Na4 b6 16. Rc1 Rac8 17. d3 Red8 18. Bd4 Qb7 19. h3 Bd7 20. g4 Ne6 21. Ba1 Be8 22. Re1 Qd7 23. Nb2 Qd6 24. a3 Nd7 25. d4 a5 26. c5 bxc5 27. bxc5 Qc7 28. Nd3 Rb8 29. Qa2 Qa7 30. Nf3 Rb7 31. Nfe5 Ndf8 32. Bc3 Rdb8 33. Rb2 Rxb2 34. Nxb2 Qb7 35. Nbd3 Qb3 36. Qa1 f6 37. Nc1 Qc2 38. Ncd3 fxe5 39. Nxe5 a4 40. Bb4 Nc7 41. Bf1 Bxe5 42. dxe5 e6 43. Rd1 Qe4 44. Kf2 d4 45. Rxd4 Qh1 46. Qa2 Nd5 47. f5 Qh2+ 48. Bg2 Qxe5 49. Re4 Qf6 50. Kg1 gxf5 51. gxf5 exf5 52. Rxe8 Rxe8 53. Bxd5+ cxd5 54. Qxd5+ Qe6 55. Qg2+ Qg6 0-1

[Event "Coimbra op"]
[Site "Coimbra"]
[Date "2014.04.27"]
[Round "7"]
[White "Romano, Joao Manuel Pereira"]
[Black "Godinho, Marques Pedro"]
[Result "0-1"]
[WhiteElo "1568"]
[BlackElo "1903"]
[PlyCount "82"]
[EventDate "2014.04.25"]
[EventType "swiss"]
[EventRounds "7"]
[EventCountry "POR"]
[SourceTitle "CBM 160 Extra"]
[Source "ChessBase"]
[SourceDate "2014.07.01"]
[SourceVersion "1"]
[SourceVersionDate "2014.07.01"]
[SourceQuality "1"]

1. e4 c5 2. Nf3 a6 3. c3 e6 4. d4 d5 5. exd5 exd5 6. Bd3 c4 7. Bc2 Bd6 8. 0-0 Bg4 9. Re1+ Ne7 10. Bg5 f6 11. Bh4 0-0 12. Nbd2 Nbc6 13. Nf1 Qc7 14. Bg3 Bf5 15. Bxd6 Qxd6 16. Ng3 Qf4 17. Nxf5 Nxf5 18. Qd2 Qxd2 19. Nxd2 Nd6 20. Re6 Rad8 21. Rae1 Kf7 22. h4 Ne4 23. R6xe4 dxe4 24. Nxc4 f5 25. Ne3 Kf6 26. g4 g6 27. g5+ Kg7 28. Ng2 Rd6 29. Nf4 h6 30. d5 Ne5 31. Kf1 Rh8 32. Ne6+ Kf7 33. f4 Nf3 34. Rd1 hxg5 35. c4 Rxh4 36. c5 Rxe6 37. dxe6+ Kxe6 38. Rd6+ Ke7 39. Rb6 Rh1+ 40. Ke2 Nd4+ 41. Kf2 Rh2+ 0-1

[Event "Coimbra op"]
[Site "Coimbra"]
[Date "2014.04.26"]
[Round "4"]
[White "Godinho, Marques Pedro"]
[Black "Cavadas, Jose Manuel Goncalv"]
[Result "1-0"]
[WhiteElo "1903"]
[BlackElo "1615"]
[PlyCount "59"]
[EventDate "2014.04.25"]
[EventType "swiss"]
[EventRounds "7"]
[EventCountry "POR"]
[SourceTitle "CBM 160 Extra"]
[Source "ChessBase"]
[SourceDate "2014.07.01"]
[SourceVersion "1"]
[SourceVersionDate "2014.07.01"]
[SourceQuality "1"]

1. d4 Nf6 2. c4 g6 3. Nc3 Bg7 4. e4 d6 5. f3 Nbd7 6. Bg5 h6 7. Be3 e5 8. d5 0-0 9. Qd2 Kh7 10. Bd3 c5 11. h4 Nh5 12. Nge2 Ndf6 13. 0-0-0 a5 14. Rdg1 Ng8 15. g4 Nf4 16. Nxf4 exf4 17. Bxf4 Bd4 18. Rg2 Kg7 19. Nb5 Ra6 20. Nxd4 cxd4 21. c5 Ra8 22. Bxd6 Re8 23. Bb5 Bd7 24. Qxd4+ f6 25. Bxd7 Qxd7 26. g5 Rac8 27. Kb1 h5 28. gxf6+ Nxf6 29. Rhg1 Qf7 30. e5 1-0

[Event "Coimbra op"]
[Site "Coimbra"]
[Date "2014.04.26"]
[Round "5"]
[White "Oliveira, Joao Andre CD"]
[Black "Godinho, Marques Pedro"]
[Result "1/2-1/2"]
[WhiteElo "1554"]
[BlackElo "1903"]
[PlyCount "83"]
[EventDate "2014.04.25"]
[EventType "swiss"]
[EventRounds "7"]
[EventCountry "POR"]
[SourceTitle "CBM 160 Extra"]
[Source "ChessBase"]
[SourceDate "2014.07.01"]
[SourceVersion "1"]
[SourceVersionDate "2014.07.01"]
[SourceQuality "1"]

1. f4 g6 2. Nf3 Bg7 3. e3 Nf6 4. Nc3 0-0 5. b3 d6 6. Bb2 c6 7. Ne2 b5 8. Ng3 a5 9. Bd3 Nbd7 10. Rb1 Nc5 11. 0-0 Nxd3 12. cxd3 c5 13. Ng5 Bg4 14. Qe1 h6 15. N5e4 Nxe4 16. Nxe4 Bf5 17. Qh4 Bxb2 18. Rxb2 Kg7 19. g4 Bxe4 20. dxe4 e6 21. Qxd8 Raxd8 22. f5 exf5 23. exf5 g5 24. Kf2 Kf6 25. Rc2 Rfe8 26. Rd1 Re4 27. Kf3 Rb4 28. d4 c4 29. bxc4 Rxc4 30. Rxc4 bxc4 31. Rb1 Rc8 32. Ke2 h5 33. h3 hxg4 34. hxg4 Rh8 35. a4 Rh2+ 36. Kd1 Rh1+ 37. Kc2 Rh2+ 38. Kc3 Rg2 39. Rb5 Re2 40. Kxc4 Rxe3 41. Rxa5 Rg3 42. Rd5 1/2-1/2

[Event "St Joao da Madeira op 10th"]
[Site "Sao Joao da Madeira"]
[Date "2013.10.06"]
[Round "3.13"]
[White "Fonseca, Joao Daniel Rebelo"]
[Black "Godinho, Marques Pedro"]
[Result "1-0"]
[WhiteElo "1529"]
[BlackElo "1954"]
[PlyCount "53"]
[EventDate "2013.10.05"]
[EventType "swiss"]
[EventRounds "7"]
[EventCountry "POR"]
[SourceTitle "EXT 2015"]
[Source "ChessBase"]
[SourceDate "2014.11.20"]
[SourceVersion "1"]
[SourceVersionDate "2014.11.20"]
[SourceQuality "1"]

1. e4 c5 2. Nf3 a6 3. c3 e6 4. d3 d5 5. Nbd2 Nc6 6. g3 Nf6 7. Bg2 Be7 8. 0-0 0-0 9. e5 Nd7 10. Re1 Qc7 11. Qe2 b5 12. h4 Bb7 13. Nf1 d4 14. N1h2 Nb6 15. Ng5 c4 16. Qh5 Bxg5 17. Bxg5 Nxe5 18. Bxb7 Qxb7 19. Rxe5 f6 20. Rxe6 fxg5 21. Rae1 g6 22. Qxg5 dxc3 23. bxc3 cxd3 24. Ng4 Nc4 25. Nf6+ Rxf6 26. Qxf6 d2 27. Re8+ 1-0

[Event "St Joao da Madeira op 10th"]
[Site "Sao Joao da Madeira"]
[Date "2013.10.05"]
[Round "1.14"]
[White "Santos, Jose Miguel Sereno"]
[Black "Godinho, Marques Pedro"]
[Result "0-1"]
[WhiteElo "1460"]
[BlackElo "1954"]
[PlyCount "112"]
[EventDate "2013.10.05"]
[EventType "swiss"]
[EventRounds "7"]
[EventCountry "POR"]
[SourceTitle "EXT 2015"]
[Source "ChessBase"]
[SourceDate "2014.11.20"]
[SourceVersion "1"]
[SourceVersionDate "2014.11.20"]
[SourceQuality "1"]

1. e4 d5 2. exd5 Qxd5 3. Nc3 Qd6 4. d4 Nf6 5. Nf3 Bg4 6. Be2 c6 7. h3 Bh5 8. Be3 e6 9. Ne5 Bxe2 10. Qxe2 Nbd7 11. Nxd7 Qxd7 12. Qd3 Bb4 13. a3 Ba5 14. b4 Bc7 15. Ne4 Nxe4 16. Qxe4 a5 17. c3 Qd6 18. Bd2 axb4 19. cxb4 Bb6 20. Be3 Rxa3 21. Rxa3 Qxb4+ 22. Ke2 Qxa3 23. Qe5 0-0 24. Rd1 Qa2+ 25. Rd2 Qc4+ 26. Rd3 Ra8 27. g3 f6 28. Qd6 Qd5 29. Qxd5 exd5 30. Rb3 Ra6 31. Kf3 Kf7 32. Kf4 Ke6 33. g4 Bc7+ 34. Kf3 b5 35. Kg2 Ra4 36. Kf1 Bb6 37. Rd3 g5 38. Ke2 Kd6 39. f4 h6 40. fxg5 hxg5 41. h4 gxh4 42. Bf4+ Kd7 43. Ke3 c5 44. dxc5 Bxc5+ 45. Kf3 Ra3 46. Ke2 Rxd3 47. Kxd3 Bd6 48. Bxd6 Kxd6 49. Kd4 h3 50. g5 fxg5 51. Kc3 h2 52. Kb4 h1Q 53. Kxb5 Qb1+ 54. Ka4 Kc5 55. Ka3 Kc4 56. Ka4 Qa2# 0-1